00414pab a2200133 454500008004000000100001700040245009900057260000900156300001400165362000800179650004100187650001600228773003600244180718b2009 xxu||||| |||| 00| 0 eng d aNarayana, B. aIs the growth rate in agriculture constant? The case of Andhra Pradesh - an empirical analysis c2009 ap.665-69. aFeb aAgriculture - India - Andhra Pradesh aAgriculture aAgricultural Situation in India